000 00814nam a22002537a 4500
003 DO-SdBNP
005 20240411095439.0
007 ta
008 100322s2020 dr 000 0 spa d
020 _a9789945094275
040 _aDO-SdBNP
_bspa
_cBNPHU
082 4 _aRD861.5
_bT853p
_222
100 1 _aTroncoso, Nitín,
_937920
_d1938-
245 1 0 _aPrismas del acantilado /
_cNitín Troncoso ; prólogo Orlando Muñoz.
260 _aSanto Domingo :
_bSoto Castillo,
_c2020.
300 _a85 p. :
_c23 cm.
500 _aIncluye datos biográficos de la autora en las solapas.
590 _aInventariado, 2021/ YL
650 4 _aPoesía dominicana
_979213
650 0 _aLiteratura dominicana
_979205
700 1 2 _aMuñoz, Orlando,
_eprol.
_91138
910 _aYL/Validado. Control de calidad MFF
942 _2ddc
_cLBS1
999 _c49590
_d49590